000 00609nam a2200229Ia 4500
003 OSt
005 20220928102239.0
006 a|||||r|||| 00| 0
007 ta
008 220927b |||||||| |||| 00| 0 eng d
024 _a55836
037 _cTextual
040 _aSDCL
_cSDCL
_beng
041 _2eng
_aeng
082 _aO153,3N331,1, 152K6
100 _aSingh Gurdiyal
_9397397
245 0 _aMandi ka deeva.
260 _aNew Delhi
_bRaj Kamal Prakashan
_c1966
300 _a151p
_ccm.
942 _hO153,3N331,1, 152K6
_cTEXL
_2CC
999 _c713189
_d713189